| 000 | 00594nam a22001697a 4500 | ||
|---|---|---|---|
| 020 | _qHard Cover. | ||
| 082 | _a004 | ||
| 100 | _aAzka Hafeez ; Wajeeha Yasin | ||
| 245 |
_aA PHOTO QUALITY EVALUATON MODEL FOR AUTONOMOUS PHOTOGRAPHY / _cAzka Hafeez ; Wajeeha Yasin |
||
| 260 |
_aIslamabad : _bSEECS - NUST, _c2019. |
||
| 300 |
_a37 p. : ill. ; _c30cm. |
||
| 650 |
_aSoftware Engineering-Project Report _930818 |
||
| 700 |
_aDr. Yasir Ayaz. _921542 |
||
| 856 | _uhttp://10.250.8.41:8080/xmlui/handle/123456789/29566 | ||
| 942 |
_2ddc _cPR |
||
| 999 |
_c536000 _d536000 |
||